000 01523nam a22001937a 4500
999 _c9488
_d9488
003 GBCCL
005 20241126110713.0
008 230201b ||||| |||| 00| 0 eng d
020 _a9788194070603
040 _cgbc
082 _a262.1
_bORG
245 _aOrganizational leadership :
_bfoundations and practices for Christians /
_cJack Burns (Editor), John R. Shoup (Editor), Donald C. Simmons (Editor)
260 _aSecunderabad :
_bGood shepherds,
_c2019
300 _a286p. ;
505 _aSection 1: Theological foundations for Christian leadership Called to lead: how do I know? / Timothy G. Dolan Leadership in the context of the Christian worldview / Gayne J. Anacker and John R. Shoup Toward a biblical theology of leadership / Rick Langer Section 2: Theoretical foundations for Christian leadership The leadership river: a metaphor for understanding the historic emergence of leadership theory / John S. (Jack) Burns Christian leadership on the sea of comlexity / John S. (Jack) Burns Section 3: Key skills and practices in Christian leadership Communication in the image of God / Ronald K. Pyle Conflict and negotiation / John S. (Jack) Burns Decision making: becoming an expert of the process / John R. Shoup and Chris McHorney Christian leadership and financial integrity: temptation, transformation and transparency / R. Scott Rodin Sustaining the leader / Timothy G. Dolan
650 _aChristian leadership
_91568
650 _aLeadership
_vReligious aspects
_xChristianity
_914743
942 _2ddc
_cBK
_01